LEADER 01503nam0 22003733i 450 001 UBO2808808 005 20251003044423.0 010 $a888125932X 100 $a20130923d2005 ||||0itac50 ba 101 | $aita 102 $ait 181 1$6z01$ai $bxxxe 182 1$6z01$an 200 1 $aArchitettura tecnica per gli allievi ingegneri iunior$e[un approccio metodologico per osservare e comprendere il ruolo della tecnologia nel processo edilizio]$fa cura di Giovanni Tortorici$g[presentazione di Giuseppe Turchini] 210 $aFirenze$cAlinea$d[2005] 215 $a248 p.$cill.$d27 cm. 606 $aArchitettura$xTecnica$2FIR$3LO1C006255$9E 606 $aProgettazione architettonica$2FIR$3CFIC010165$9E 676 $a690$9EDILIZIA$v19 676 $a690$9EDILIZIA$v20 676 $a721$9Struttura architettonica$v14 676 $a721$9STRUTTURA ARCHITETTONICA$v22 696 $aAttivitą di architetto 699 $aArchitettura$zAttivitą di architetto 702 1$aTortorici$b, Giovanni$3CFIV079215 702 1$aTurchini$b, Giuseppe$3CUBV156833 801 3$aIT$bIT-000000$c20130923 850 $aIT-BN0095 901 $bNAP 01$cSALA DING $n$ 912 $aUBO2808808 950 0$aBiblioteca Centralizzata di Ateneo$b1 v.$c1 v.$d 01SALA DING 721 ARCTPG$e 0102 0000058755 VMA A4 1 v.$fY $h20060315$i20060315 977 $a 01 996 $aArchitettura tecnica per gli allievi ingegneri iunior$9727253 997 $aUNISANNIO LEADER 03314oas 2201225 a 450 001 9910144059803321 005 20251105213014.0 011 $a2059-5670 035 $a(DE-599)ZDB2213207-7 035 $a(DE-599)2213207-7 035 $a(OCoLC)62483180 035 $a(CONSER) 2005237367 035 $a(CKB)954925458052 035 $a(EXLCZ)99954925458052 100 $a20051207a19589999 sy 101 0 $aeng 135 $aurmnu|||||||| 181 $ctxt$2rdacontent 182 $cc$2rdamedia 183 $acr$2rdacarrier 200 10$aArchitectural history 210 $aMicklegate, York $cSociety of Architectural Historians$d1958- 215 $a1 online resource 300 $aRefereed/Peer-reviewed 300 $aTitle from title screen (JSTOR, viewed Dec. 7, 2005). 300 $aPublished: London : George Allen and Unwin Ltd., 1961-1964; Newcastle upon Tyne : Society of Architectural Historians of Great Britain, 1965- 311 08$a0066-622X 531 1 $aArchit. hist. 606 $aArchitecture$xHistoriography 606 $aArchitecture$xResearch 606 $aArchitecture$xHistoriographie$vPe?riodiques 606 $aArchitecture$xRecherche$vPe?riodiques 606 $a21.62 history of architecture$3(NL-LeOCL)077595270$2bcl 606 $aArchitecture$xHistoriography$2fast$3(OCoLC)fst00813449 606 $aArchitecture$xResearch$2fast$3(OCoLC)fst00813508 606 $aArchitektur$2gnd 606 $aBouwkunst$2gtt 606 $aArquitectura$2thub 607 $aGran Bretanya$2thub 608 $aperiodicals.$2aat 608 $aCzasopismo architektoniczne.$2dbn 608 $aPeriodicals.$2fast 608 $aHistory (form)$2gtt 608 $aPeriodicals.$2lcgft 608 $aPe?riodiques.$2rvmgf 608 $aZeitschrift.$2swd 608 $aElektronische Publikation.$2swd 615 0$aArchitecture$xHistoriography. 615 0$aArchitecture$xResearch. 615 6$aArchitecture$xHistoriographie 615 6$aArchitecture$xRecherche 615 7$a21.62 history of architecture. 615 7$aArchitecture$xHistoriography. 615 7$aArchitecture$xResearch. 615 7$aArchitektur 615 17$aBouwkunst. 615 7$aArquitectura. 712 02$aSociety of Architectural Historians of Great Britain, 801 0$bEYM 801 1$bEYM 801 2$bHUL 801 2$bOCLCS 801 2$bGWDNB 801 2$bOCLCQ 801 2$bGBVCP 801 2$bOCLCQ 801 2$bOCLCF 801 2$bUMC 801 2$bOCLCE 801 2$bSFB 801 2$bCEF 801 2$bOCLCQ 801 2$bDEBBG 801 2$bVT2 801 2$bOCLCO 801 2$bOCL 801 2$bUAB 801 2$bOCLCQ 801 2$bSERSO 801 2$bNLE 801 2$bU3W 801 2$bWYU 801 2$bUKMGB 801 2$bOCL 801 2$bUHL 801 2$bOCLCA 801 2$bLIP 801 2$bOCLCQ 801 2$bDLC 801 2$bVLY 801 2$bUKSSU 801 2$bEQF 801 2$bS2H 801 2$bQGK 801 2$bOCLCQ 801 2$bUBY 801 2$bBRL 801 2$bSRU 801 2$bUEJ 801 2$bOCLCL 801 2$bOCLCQ 906 $aJOURNAL 912 $a9910144059803321 996 $aArchitectural history$91894743 997 $aUNINA